| 000 | 00545nab a22001457 4500 | ||
|---|---|---|---|
| 003 | ES-SlBCS | ||
| 005 | 20210327224319.0 | ||
| 008 | 201211s2020 sp ||||| |||| 00| 0 spa d | ||
| 040 |
_aES-SlBCS _bspa |
||
| 041 | _aspa | ||
| 100 | 1 |
_aSchiefer Ferrari, Markus _9121106 |
|
| 245 | 1 | 0 |
_aLecturas perturbadoras: Enfoques interpretativos críticos de la dis/capacidad sobre los relatos de curación a partir del ejemplo de Mc 7,31-37 _cMarkus Schiefer Ferrari |
| 773 | 0 |
_gNúm. 388, 2020, págs. 37-48 _tConcilium _wRev134 _x0210-1041 |
|
| 942 |
_2lcc _cAR |
||
| 999 |
_c490793 _d490793 |
||